Normal view
MARC view
- الناخبي، عبد الله بن احمد بن محسن ؛ باذيب،محمد بن ابي بكر تعليق وتحقيق
Entry Personal Name
001 - CONTROL NUMBER
- control field: 36655
003 - CONTROL NUMBER IDENTIFIER
- control field: JO-AjAnu
005 - DATE AND TIME OF LATEST TRANSACTION
- control field: 20230606080123.0
008 - FIXED-LENGTH DATA ELEMENTS
- fixed length control field: 230606|| aca||aabn | a|a d
040 ## - CATALOGING SOURCE
- Original cataloging agency: JO-AjAnu
- Transcribing agency: JO-AjAnu
100 ## - HEADING--PERSONAL NAME
- Personal name: الناخبي، عبد الله بن احمد بن محسن ؛ باذيب،محمد بن ابي بكر تعليق وتحقيق
670 ## - SOURCE DATA FOUND
- Source citation: Work cat.: (JO-AjAnu)18816: الناخبي، عبد الله بن احمد بن محسن ؛ باذيب،محمد بن ابي بكر تعليق وتحقيق, author, القول المختار فيما لآل العمودي من الأخبار:نصوص مختارة